Normal view MARC view

Entry Personal Name

Number of records used in: 1

001 - CONTROL NUMBER

  • control field: 9796

003 - CONTROL NUMBER IDENTIFIER

  • control field: DLC

005 - DATE AND TIME OF LATEST TRANSACTION

  • control field: 20231028144043.0

008 - FIXED-LENGTH DATA ELEMENTS

  • fixed length control field: 880121n| azannaabn |a aaa

010 ## - LIBRARY OF CONGRESS CONTROL NUMBER

  • LC control number: n 88033062
  • Canceled/invalid LC control number: n 88647680

035 ## - SYSTEM CONTROL NUMBER

  • System control number: (OCoLC)oca02186218

040 ## - CATALOGING SOURCE

  • Original cataloging agency: DLC
  • Language of cataloging: eng
  • Description conventions: rda
  • Transcribing agency: DLC
  • Modifying agency: DLC
  • Modifying agency: OCoLC
  • Modifying agency: DLC

046 ## - SPECIAL CODED DATES

  • Birth date: 1932-04-06
  • Death date: 2004-01-25
  • Source of date scheme: edtf

053 #0 - LC CLASSIFICATION NUMBER

  • Classification number element--single number or beginning number of span: PL4718.9.N329

100 0# - HEADING--PERSONAL NAME

  • Personal name: Vi. Ke. En.,
  • Dates associated with a name: 1933-2004

370 ## - ASSOCIATED PLACE

  • Place of birth: Tiruvilvamala (India)

372 ## - FIELD OF ACTIVITY

  • Field of activity: Literature
  • Field of activity: Journalism
  • Source of term: lcsh

374 ## - OCCUPATION

  • Occupation: Journalists
  • Source of term: lcdgt

374 ## - OCCUPATION

  • Occupation: Writers
  • Source of term: lcdgt

377 ## - ASSOCIATED LANGUAGE

  • Language code: mal

400 0# - SEE FROM TRACING--PERSONAL NAME

  • Control subfield: nnea
  • Personal name: Vi. Ke. En.,
  • Dates associated with a name: 1933-

400 1# - SEE FROM TRACING--PERSONAL NAME

  • Control subfield: nnaa
  • Personal name: Narayanan Kutty, Velanthoda Koottala

400 1# - SEE FROM TRACING--PERSONAL NAME

  • Personal name: En., Vi. Ke.,
  • Dates associated with a name: 1933-2004

400 1# - SEE FROM TRACING--PERSONAL NAME

  • Personal name: Narayanan Kutty, Velanthoda Koottala,
  • Dates associated with a name: 1933-2004

400 0# - SEE FROM TRACING--PERSONAL NAME

  • Personal name: Velanthoda Koottala Narayanan Kutty,
  • Dates associated with a name: 1933-2004

400 1# - SEE FROM TRACING--PERSONAL NAME

  • Personal name: Kutty, Velanthoda Koottala Narayanan,
  • Dates associated with a name: 1933-2004

400 0# - SEE FROM TRACING--PERSONAL NAME

  • Personal name: V. K. N.,
  • Dates associated with a name: 1933-2004

400 1# - SEE FROM TRACING--PERSONAL NAME

  • Personal name: N., V. K.,
  • Dates associated with a name: 1933-2004

400 0# - SEE FROM TRACING--PERSONAL NAME

  • Personal name: Vaṭakkē Kūṭṭāle Nārāyaṇankuṭṭināyar,
  • Dates associated with a name: 1933-2004

400 1# - SEE FROM TRACING--PERSONAL NAME

  • Personal name: Nārāyaṇankuṭṭināyar, Vaṭakkē Kūṭṭāle,
  • Dates associated with a name: 1933-2004

400 0# - SEE FROM TRACING--PERSONAL NAME

  • Personal name: VKN,
  • Dates associated with a name: 1933-2004

670 ## - SOURCE DATA FOUND

  • Source citation: His Kuṭinīr, 1983:
  • Information found: t.p. (Vi. Ke. En.) p. facing t.p. (V.K.N.) data from India (b. 1933; Velanthoda Koottala Narayanan Kutty)

670 ## - SOURCE DATA FOUND

  • Source citation: LC data base, 1/20/88
  • Information found: (hdg.: Narayanan Kutty, Velanthoda Koottala; usage Vi. Ke. En.)

670 ## - SOURCE DATA FOUND

  • Source citation: Sar Cāttuvint̲e r̲ūḷiṅ, 1994:
  • Information found: t.p. (Vi. Ke. En.) p. 5 (Vaṭakkē Kūṭṭāle Nārāyaṇankuṭṭināyar; of Tiruvilvamala, Kerala; b. 4/6/1932; jrnlst. in Delhi, 1959-1969; chmn., Kuncan Nampyar Memorial, Killikkurisimangalam)

670 ## - SOURCE DATA FOUND

  • Source citation: Kāvi, 1994:
  • Information found: t.p. (Vi. Ke. En.) t.p. verso (VKN)

670 ## - SOURCE DATA FOUND

  • Source citation: Nāṇvāruṃ mat̲t̲unōvalukaḷuṃ, May 2020:
  • Information found: t.p. (Vi.Ke.En.) p. facing t.p. (born April 6, 1932 in Thiruvilwamala, Trichur District, Kerala, India; died on January 25, 2004; Malayalam author and journalist)

Powered by Koha